000 00679nam a22001937a 4500
999 _c1353
_d1353
003 OSt
005 20210625110320.0
008 210625b ||||| |||| 00| 0 eng d
020 _a 0914168088
040 _cALUPE UNIVERSITY
_dALUPE UNIVERSITY
050 _aQM 25
_b.N4 1987
100 _aNetter, Frank H.
_d(Frank Henry), 1906-1991
245 _aThe Ciba collection of medical illustrations
_bThe Ciba collection of medical illustrations
260 _aSummit, N.J.
_b: Ciba,
_c c1958-
300 _a v.
_b col
_c. illustration
_e., ports.
_g ; 32 cm
500 _aINDEX,GLOSSARY
600 _2: Human anatomy -- Atlases | Anatomy, pathological -- Atlases
942 _2lcc
_cBK
_nDO